Statistiche per Presidenti più vincenti della storia dell'Inter

Clicka qui per fare il quiz!

Statistiche generali

  • Questo quiz è stato fatto 5 volte
  • Il punteggio medio è 4 su 8

Statistiche sulle risposte

NazionePeriodoTotale trofeiTrofei vintiPresidente% Corretto
Italia1955 - 196873 Campionati italiani; 2 Coppe dei Campioni; 2 Coppe IntercontinentaliAngelo Moratti
80%
Italia1995 - 2004; 2006 - 2013114 Campionati italiani; 2 Coppe Italia; 2 Supercoppe Italiane; 1 UEFA Champions League; 1 Coppa UEFA; 1 Mondiale per club FIFAMassimo Moratti
80%
Cina2018-51 Campionato italiano; 2 Coppe Italia; 2 Supercoppe italianeSteven Zhang
80%
Italia1984 - 199541 Campionato italiano; 1 Supercoppa Italiana; 2 Coppe UEFAErnesto Pellegrini
60%
Italia2004 - 200651 Campionato italiano; 2 Coppe Italia; 2 Supercoppe italianeGiacinto Facchetti
40%
Italia1931 - 194232 Campionato italiani; 1 Coppa ItaliaFerdinando Pozzani
20%
Italia1968 - 198442 Campionati italiani; 2 Coppe ItaliaIvanoe Fraizzoli
20%
Italia1942 - 195522 Campionati italianiCarlo Masseroni
0%

Distribuzione punteggi

Percentile per numero di risposta

Percentuale di utenti per punteggio

I tuoi punteggi nel tempo

Non hai fatto questo quiz